|
|
|
|
| LEADER |
00596nam a22001577a 4500 |
| 003 |
OSt |
| 005 |
20200624134526.0 |
| 008 |
151028b xxu||||| |||| 00| 0 eng d |
| 082 |
|
|
|a 629.8312 CHE/E
|
| 100 |
|
|
|a Chen, Chih-Fan
|
| 245 |
|
|
|a Elements of control systems analysis:
|b classical and modern approaches/
|c Chih-Fan Chen, I. John Haas
|
| 260 |
|
|
|a New Delhi:
|b Prentice-Hall of India,
|c 1969
|
| 300 |
|
|
|a 471p.
|
| 942 |
|
|
|2 ddc
|c BK
|
| 999 |
|
|
|c 323247
|d 323247
|
| 952 |
|
|
|0 0
|1 0
|2 ddc
|4 0
|6 629_831200000000000_CHE_E
|7 0
|9 369705
|a CSC
|b CSC
|c ST1
|d 2015-10-28
|i 1603
|l 0
|o 629.8312 CHE/E
|p CSC1603
|r 2015-10-28
|w 2015-10-28
|y BK
|